01696nam a2200313 a 4500001001000000003000400010005001700014008004100031020001500072040002500087049000600112082002400118100004000142245012800182260010600310300004700416500006700463504003400530505034900564590002600913650001300939650005700952651005401009910004401063942001401107952012201121952012201243999001701365000025495OSt20250621074007.0110217s1999 dr 000 0 spa d a8460576841 aDO-SdBNPbspacBNPHU a  4a324.27293bJ61p2221 aJiménez Polanco, Jacqueline9235114aLos partidos en la República Dominicana :bactividad electoral y desarrollo organizativo /cJacqueline Jiménez Polanco. aSanto Domingo :bCentenario,bDistribución, Facultad Latinoamericana de Ciencias Sociales, c1999. a593 p. :bil., gráfcs., tabls. ;c23 cm. aIncluye datos biográficos de la autora en la contracubierta  aBibliografía : p. 563-593.  aPrólogo -- El sistema político y la competencia interpartidista -- Del faccionalismo al antipartidismo: El régimen autoritario de Trujillo, 1930-1961 -- Del atipartidismo al pluripartidismo : La paulatina transición política -- El sistema electoral y la representación política -- Estudio organizativo de los partidos dominantes.  aInventariado, 2020/VM 4y 977535 aRepública DominicanaxPolítica y gobierno 92488 0aRepública DominicanaxPolítica y gobierno945 aVMateo/Validado. Control de calidad MFF 2ddccLBS1 00102ddc51718PDaBNPHUbPDcHDd2011-02-17i l0oBNPHU PD 324.27293 J61pp25495-10r2020-06-25w2020-06-25yLFPD 00102ddc51728PDaBNPHUbPDd2020-12-07l0oBNPHU PD 324.27293 J61pp2020-0655r2020-12-07te. 2w2020-12-07yLFPD c24987d24987